[Event "World Chess Olympiad 2018"]
[Site "Batumi"]
[Date "2018.10.03"]
[Round "9"]
[Board "1"]
[WhiteFideId "5500419"]
[White "Amdouni Zoubaier"]
[BlackFideId "6501311"]
[Black "Duran Vega Sergio"]
[Result "0-1"]
[LiveChessVersion "1.4.8"]
[BlackElo "2401"]
[WhiteElo "2218"]

1. e4 {[%clk 1:30:54]} c5 {[%clk 1:30:45]} 2. Nf3 {[%clk 1:31:11]} Nc6
{[%clk 1:31:05]} 3. d4 {[%clk 1:31:31]} cxd4 {[%clk 1:31:30]} 4. Nxd4
{[%clk 1:32:00]} Nf6 {[%clk 1:31:47]} 5. Nc3 {[%clk 1:32:24]} e5 {[%clk 1:32:12]}
6. Ndb5 {[%clk 1:32:36]} d6 {[%clk 1:32:39]} 7. Bg5 {[%clk 1:32:57]} a6
{[%clk 1:33:03]} 8. Na3 {[%clk 1:33:21]} b5 {[%clk 1:33:25]} 9. Nd5
{[%clk 1:33:48]} Be7 {[%clk 1:33:48]} 10. Bxf6 {[%clk 1:34:13]} Bxf6
{[%clk 1:34:11]} 11. c3 {[%clk 1:34:32]} Rb8 {[%clk 1:34:22]} 12. Nc2
{[%clk 1:33:49]} Bg5 {[%clk 1:34:47]} 13. a4 {[%clk 1:27:26]} bxa4
{[%clk 1:35:13]} 14. Ncb4 {[%clk 1:27:51]} Nxb4 {[%clk 1:35:35]} 15. Nxb4
{[%clk 1:28:02]} Bd7 {[%clk 1:33:52]} 16. Bxa6 {[%clk 1:26:17]} Qa5
{[%clk 1:34:12]} 17. Qd5 {[%clk 1:10:17]} Qxd5 {[%clk 1:16:43]} 18. exd5
{[%clk 1:10:20]} Bd8 {[%clk 1:14:59]} 19. O-O {[%clk 1:02:27]} Ba5
{[%clk 1:10:40]} 20. Nc6 {[%clk 0:59:31]} Bxc6 {[%clk 1:10:47]} 21. dxc6
{[%clk 0:59:59]} Rxb2 {[%clk 1:10:43]} 22. Rxa4 {[%clk 1:00:24]} Bb6
{[%clk 1:07:59]} 23. Bb7 {[%clk 0:35:42]} Ke7 {[%clk 1:05:00]} 24. Rb4
{[%clk 0:29:15]} Rxb4 {[%clk 1:04:55]} 25. cxb4 {[%clk 0:29:44]} Kd8
{[%clk 1:01:27]} 26. Rd1 {[%clk 0:27:57]} Kc7 {[%clk 1:01:41]} 27. Kf1
{[%clk 0:28:07]} f5 {[%clk 0:58:39]} 28. Rd5 {[%clk 0:26:55]} g5 {[%clk 0:57:27]}
29. f3 {[%clk 0:08:28]} h5 {[%clk 0:55:02]} 30. h3 {[%clk 0:06:47]} Rf8
{[%clk 0:51:42]} 31. Rd3 {[%clk 0:05:20]} Bd4 {[%clk 0:45:57]} 32. Ra3
{[%clk 0:04:56]} d5 {[%clk 0:44:34]} 33. Ra5 {[%clk 0:02:48]} Rd8
{[%clk 0:43:20]} 34. Ra8 {[%clk 0:01:51]} Rxa8 {[%clk 0:43:05]} 35. Bxa8
{[%clk 0:02:20]} Bc3 {[%clk 0:32:39]} 36. b5 {[%clk 0:02:39]} Ba5
{[%clk 0:33:00]} 37. g4 {[%clk 0:01:30]} fxg4 {[%clk 0:30:37]} 38. fxg4
{[%clk 0:01:55]} h4 {[%clk 0:28:40]} 39. Ke2 {[%clk 0:01:26]} e4 {[%clk 0:27:51]}
40. Bb7 {[%clk 0:31:29]} Kd6 {[%clk 0:57:28]} 41. Bc8 {[%clk 0:16:52]} Ke5
{[%clk 0:56:19]} 42. Bf5 {[%clk 0:17:13]} d4 {[%clk 0:56:28]} 43. Bg6
{[%clk 0:14:49]} d3+ {[%clk 0:56:42]} 44. Kf2 {[%clk 0:13:04]} Kd4
{[%clk 0:56:53]} 0-1

[Event "World Chess Olympiad 2018"]
[Site "Batumi"]
[Date "2018.10.03"]
[Round "9"]
[Board "2"]
[WhiteFideId "6500331"]
[White "Valdes Romero Leonardo"]
[BlackFideId "5500796"]
[Black "Zaibi Amir"]
[Result "1/2-1/2"]
[LiveChessVersion "1.4.8"]
[BlackElo "2361"]
[WhiteElo "2398"]

1. Nf3 {[%clk 1:31:20]} c5 {[%clk 1:30:12]} 2. c4 {[%clk 1:31:46]} Nc6
{[%clk 1:30:35]} 3. Nc3 g6 4. g3 {[%clk 1:32:12]} Bg7 {[%clk 1:30:38]} 5. Bg2
{[%clk 1:32:37]} e5 {[%clk 1:31:03]} 6. O-O {[%clk 1:32:33]} Nge7
{[%clk 1:31:24]} 7. d3 {[%clk 1:32:47]} d6 {[%clk 1:31:00]} 8. a3
{[%clk 1:33:09]} O-O {[%clk 1:30:04]} 9. Rb1 {[%clk 1:33:34]} a5 {[%clk 1:30:24]}
10. Ne1 {[%clk 1:33:37]} Be6 {[%clk 1:30:34]} 11. b4 {[%clk 1:33:35]} axb4
{[%clk 1:29:53]} 12. axb4 {[%clk 1:33:59]} Nxb4 {[%clk 1:19:51]} 13. Nc2
{[%clk 1:34:19]} d5 {[%clk 1:05:11]} 14. Nxb4 {[%clk 1:24:37]} cxb4
{[%clk 1:05:31]} 15. Nxd5 {[%clk 1:23:26]} Nxd5 {[%clk 1:03:00]} 16. cxd5
{[%clk 1:23:45]} Bxd5 {[%clk 1:03:26]} 17. Bxd5 {[%clk 1:24:04]} Qxd5
{[%clk 1:03:51]} 18. Rxb4 {[%clk 1:24:26]} Rfc8 {[%clk 0:59:28]} 19. Qb3
{[%clk 1:19:11]} Qxb3 {[%clk 0:57:44]} 20. Rxb3 {[%clk 1:19:35]} Rc2
{[%clk 0:56:21]} 21. e4 {[%clk 1:17:22]} Rac8 {[%clk 0:44:37]} 22. Be3
{[%clk 1:17:21]} Bf8 {[%clk 0:29:14]} 23. Rxb7 {[%clk 1:15:38]} Bc5
{[%clk 0:28:06]} 24. Bxc5 {[%clk 1:14:11]} R8xc5 {[%clk 0:28:31]} 25. Ra1
{[%clk 1:10:51]} Rc6 {[%clk 0:26:19]} 26. Re7 {[%clk 1:05:34]} Rf6
{[%clk 0:25:13]} 27. Rf1 {[%clk 1:05:50]} Rf3 {[%clk 0:24:19]} 28. Rxe5
{[%clk 1:05:08]} Rxd3 {[%clk 0:24:44]} 29. Re8+ {[%clk 1:05:20]} Kg7
{[%clk 0:25:09]} 30. Kg2 {[%clk 1:01:08]} Re2 {[%clk 0:21:38]} 31. e5
{[%clk 0:56:50]} Rde3 {[%clk 0:17:50]} 32. Rb1 {[%clk 0:56:37]} Rxe5
{[%clk 0:18:07]} 33. Rxe5 {[%clk 0:57:01]} Rxe5 {[%clk 0:18:34]} 1/2-1/2

[Event "World Chess Olympiad 2018"]
[Site "Batumi"]
[Date "2018.10.03"]
[Round "9"]
[Board "3"]
[WhiteFideId "5500460"]
[White "Boudriga Mohamed Ali"]
[BlackFideId "6500170"]
[Black "Gonzalez Acosta Bernal"]
[Result "0-1"]
[LiveChessVersion "1.4.8"]
[BlackElo "2452"]
[WhiteElo "2376"]

1. d4 {[%clk 1:30:35]} d5 {[%clk 1:30:52]} 2. Bf4 {[%clk 1:28:57]} Nf6
{[%clk 1:31:13]} 3. e3 {[%clk 1:29:24]} g6 {[%clk 1:31:33]} 4. c4
{[%clk 1:28:54]} c5 {[%clk 1:28:37]} 5. dxc5 {[%clk 1:28:16]} Qa5+
{[%clk 1:28:03]} 6. Nc3 {[%clk 1:16:20]} dxc4 {[%clk 1:20:52]} 7. Bxc4
{[%clk 1:15:49]} Bg7 {[%clk 1:20:43]} 8. Qb3 {[%clk 1:05:47]} O-O
{[%clk 1:20:37]} 9. Qb5 {[%clk 1:03:49]} Qxb5 {[%clk 1:14:38]} 10. Bxb5
{[%clk 0:53:43]} Bd7 {[%clk 1:08:54]} 11. a4 {[%clk 0:43:26]} Rc8
{[%clk 1:03:54]} 12. Nf3 {[%clk 0:32:23]} a6 {[%clk 0:52:49]} 13. Be2
{[%clk 0:31:05]} Rxc5 {[%clk 0:50:25]} 14. Ne5 {[%clk 0:24:38]} Be6
{[%clk 0:37:31]} 15. Nd3 {[%clk 0:19:47]} Rc8 {[%clk 0:37:01]} 16. Bf3
{[%clk 0:20:07]} Nc6 {[%clk 0:36:36]} 17. Ne5 {[%clk 0:14:33]} Ne8
{[%clk 0:21:59]} 18. Nxc6 {[%clk 0:13:24]} bxc6 {[%clk 0:21:45]} 19. O-O
{[%clk 0:12:31]} Nd6 {[%clk 0:22:12]} 20. a5 {[%clk 0:12:39]} Bb3
{[%clk 0:16:49]} 21. Bxd6 {[%clk 0:06:09]} exd6 {[%clk 0:17:15]} 22. Ne4
{[%clk 0:06:20]} d5 {[%clk 0:16:18]} 23. Nc5 {[%clk 0:02:06]} Bc4
{[%clk 0:16:27]} 24. Rfb1 {[%clk 0:02:23]} Rab8 {[%clk 0:11:32]} 25. Na4
{[%clk 0:01:41]} Bd3 {[%clk 0:11:00]} 26. Rc1 {[%clk 0:01:09]} Rxb2
{[%clk 0:07:47]} 27. Bxd5 Rbb8 {[%clk 0:07:07]} 28. Bf3 {[%clk 0:00:33]} Bxa1
{[%clk 0:07:21]} 29. Nb6 {[%clk 0:00:35]} Bb2 {[%clk 0:06:32]} 30. Rd1
{[%clk 0:00:38]} Rd8 {[%clk 0:06:39]} 0-1

[Event "World Chess Olympiad 2018"]
[Site "Batumi"]
[Date "2018.10.03"]
[Round "9"]
[Board "4"]
[WhiteFideId "6504779"]
[White "Jimenez Garcia Emmanuel"]
[BlackFideId "5500770"]
[Black "Taieb Sahbi"]
[Result "1-0"]
[LiveChessVersion "1.4.8"]
[BlackElo "2146"]
[WhiteElo "2290"]

1. Nf3 {[%clk 1:30:54]} Nf6 {[%clk 1:30:20]} 2. b3 {[%clk 1:31:17]} g6
{[%clk 1:29:50]} 3. Bb2 {[%clk 1:31:42]} Bg7 {[%clk 1:30:13]} 4. g3
{[%clk 1:32:09]} O-O {[%clk 1:30:31]} 5. Bg2 {[%clk 1:32:35]} d6 {[%clk 1:30:06]}
6. d4 {[%clk 1:33:00]} c6 {[%clk 1:29:06]} 7. O-O {[%clk 1:33:18]} Bg4
{[%clk 1:22:23]} 8. Nbd2 {[%clk 1:31:42]} Bxf3 {[%clk 1:16:12]} 9. Nxf3
{[%clk 1:30:26]} Nbd7 {[%clk 1:16:28]} 10. c4 {[%clk 1:30:45]} Re8
{[%clk 1:12:53]} 11. Qc2 {[%clk 1:25:21]} Qc7 {[%clk 1:11:08]} 12. Rfd1
{[%clk 1:17:06]} e5 {[%clk 1:01:59]} 13. e3 {[%clk 1:13:06]} Rac8
{[%clk 0:46:58]} 14. Rac1 {[%clk 0:51:31]} Qb8 {[%clk 0:46:14]} 15. dxe5
{[%clk 0:45:55]} dxe5 {[%clk 0:42:57]} 16. Rd2 {[%clk 0:46:18]} Nc5
{[%clk 0:28:26]} 17. Bh3 {[%clk 0:41:40]} Nfe4 {[%clk 0:22:40]} 18. Rdd1
{[%clk 0:41:19]} f5 {[%clk 0:19:56]} 19. b4 {[%clk 0:37:34]} Ne6 {[%clk 0:18:16]}
20. Bg2 {[%clk 0:36:18]} N6g5 {[%clk 0:14:51]} 21. Nxg5 {[%clk 0:31:17]} Nxg5
{[%clk 0:15:12]} 22. Rd7 {[%clk 0:31:17]} Ne6 {[%clk 0:13:52]} 23. Rcd1
{[%clk 0:28:01]} Rcd8 {[%clk 0:10:40]} 24. c5 {[%clk 0:17:12]} Qc8
{[%clk 0:09:51]} 25. R7d6 {[%clk 0:16:37]} Rxd6 {[%clk 0:08:55]} 26. Rxd6
{[%clk 0:15:26]} Bf8 {[%clk 0:02:11]} 27. Rd1 {[%clk 0:15:27]} Bg7
{[%clk 0:01:25]} 28. Bf1 {[%clk 0:13:23]} Rd8 {[%clk 0:01:26]} 29. Bc4
{[%clk 0:12:46]} Rxd1+ {[%clk 0:01:43]} 30. Qxd1 {[%clk 0:13:14]} Kh8
{[%clk 0:01:38]} 31. Qd6 {[%clk 0:07:23]} Ng5 {[%clk 0:02:01]} 32. f4
{[%clk 0:05:29]} exf4 {[%clk 0:00:37]} 33. Bxg7+ {[%clk 0:05:31]} Kxg7
{[%clk 0:01:02]} 34. Qe5+ {[%clk 0:04:47]} Kh6 {[%clk 0:00:51]} 35. Qxf4
{[%clk 0:05:15]} Qd7 {[%clk 0:00:35]} 36. h4 {[%clk 0:05:29]} Qd1+
{[%clk 0:00:58]} 37. Bf1 {[%clk 0:05:52]} Qg4 {[%clk 0:00:33]} 38. hxg5+
{[%clk 0:06:08]} Qxg5 {[%clk 0:00:56]} 39. b5 {[%clk 0:06:16]} cxb5
{[%clk 0:01:00]} 40. Bg2 {[%clk 0:36:27]} Qxf4 {[%clk 0:30:47]} 41. exf4
{[%clk 0:36:56]} 1-0

[Event "World Chess Olympiad 2018"]
[Site "Batumi"]
[Date "2018.10.03"]
[Round "9"]
[Board "1"]
[WhiteFideId "3508684"]
[White "Sanchez Alvarez Roberto Carlos"]
[BlackFideId "6400361"]
[Black "Munoz Santana Jose Lisandro"]
[Result "1/2-1/2"]
[LiveChessVersion "1.4.8"]
[BlackElo "2434"]
[WhiteElo "2391"]

1. d4 {[%clk 1:30:58]} d5 {[%clk 1:30:54]} 2. c4 {[%clk 1:31:13]} c6
{[%clk 1:31:17]} 3. Nf3 {[%clk 1:30:02]} Nf6 {[%clk 1:31:39]} 4. Nc3
{[%clk 1:30:26]} e6 {[%clk 1:32:02]} 5. Bg5 {[%clk 1:30:34]} Nbd7
{[%clk 1:31:17]} 6. e3 {[%clk 1:30:09]} Qa5 {[%clk 1:31:34]} 7. cxd5
{[%clk 1:30:38]} Nxd5 {[%clk 1:31:55]} 8. Rc1 {[%clk 1:30:59]} Nxc3
{[%clk 1:28:46]} 9. bxc3 {[%clk 1:31:27]} Ba3 {[%clk 1:29:07]} 10. Rc2
{[%clk 1:31:42]} b6 {[%clk 1:29:31]} 11. Bd3 {[%clk 1:31:43]} Ba6
{[%clk 1:29:54]} 12. O-O {[%clk 1:31:32]} Bxd3 {[%clk 1:27:52]} 13. Qxd3
{[%clk 1:32:00]} O-O {[%clk 1:28:14]} 14. e4 {[%clk 1:31:06]} Rfe8
{[%clk 1:25:36]} 15. Bf4 {[%clk 1:04:21]} Rac8 {[%clk 1:25:39]} 16. c4
{[%clk 0:57:07]} Be7 {[%clk 1:11:18]} 17. e5 {[%clk 0:50:50]} Rcd8
{[%clk 1:02:49]} 18. Rd1 {[%clk 0:40:44]} b5 {[%clk 0:58:31]} 19. Bg5
{[%clk 0:34:08]} bxc4 {[%clk 0:43:53]} 20. Rxc4 {[%clk 0:34:20]} Qxa2
{[%clk 0:40:58]} 21. Bxe7 {[%clk 0:29:21]} Rxe7 {[%clk 0:41:21]} 22. Rxc6
{[%clk 0:29:08]} h6 {[%clk 0:31:08]} 23. Rd6 {[%clk 0:15:27]} Rc8
{[%clk 0:26:17]} 24. Ra6 {[%clk 0:12:13]} Qb2 {[%clk 0:26:32]} 25. Qa3
{[%clk 0:12:28]} Qxa3 {[%clk 0:26:55]} 26. Rxa3 {[%clk 0:12:55]} Nb6
{[%clk 0:27:00]} 27. h4 {[%clk 0:12:03]} Rec7 {[%clk 0:16:06]} 28. Rda1
{[%clk 0:11:32]} Rc1+ {[%clk 0:16:10]} 29. Rxc1 {[%clk 0:11:56]} Rxc1+
{[%clk 0:16:34]} 30. Kh2 {[%clk 0:12:18]} Rc7 {[%clk 0:14:31]} 31. Nd2
{[%clk 0:11:56]} Kf8 1/2-1/2

[Event "World Chess Olympiad 2018"]
[Site "Batumi"]
[Date "2018.10.03"]
[Round "9"]
[Board "2"]
[WhiteFideId "6405525"]
[White "Abreu Jean Carlos Paul"]
[BlackFideId "6600247"]
[Black "Baules Jorge"]
[Result "1/2-1/2"]
[LiveChessVersion "1.4.8"]
[BlackElo "2358"]
[WhiteElo "2310"]

1. d4 {[%clk 1:30:57]} Nf6 {[%clk 1:30:53]} 2. Nf3 {[%clk 1:31:23]} g6
{[%clk 1:31:15]} 3. Bg5 {[%clk 1:31:48]} Bg7 {[%clk 1:31:38]} 4. c3
{[%clk 1:31:52]} c5 {[%clk 1:30:38]} 5. e3 {[%clk 1:32:12]} O-O {[%clk 1:30:17]}
6. Nbd2 {[%clk 1:32:37]} d6 {[%clk 1:29:18]} 7. Be2 {[%clk 1:32:00]} b6
{[%clk 1:26:32]} 8. O-O {[%clk 1:30:45]} Bb7 {[%clk 1:26:53]} 9. Qb1
{[%clk 1:29:53]} h6 {[%clk 1:25:27]} 10. Bh4 {[%clk 1:27:34]} Nc6
{[%clk 1:22:06]} 11. Rd1 {[%clk 1:26:20]} Qc7 {[%clk 1:22:12]} 12. a3
{[%clk 1:24:08]} Rfe8 {[%clk 1:20:15]} 13. Bc4 {[%clk 1:22:41]} e6
{[%clk 1:16:45]} 14. b4 {[%clk 1:14:52]} Ne7 {[%clk 1:02:19]} 15. Bb5
{[%clk 1:06:53]} Rec8 {[%clk 1:01:12]} 16. Rc1 {[%clk 0:45:14]} Nf5
{[%clk 0:58:26]} 17. Bxf6 {[%clk 0:45:06]} Bxf6 {[%clk 0:58:52]} 18. Bd3
{[%clk 0:44:06]} Ne7 {[%clk 0:55:14]} 19. Be4 {[%clk 0:42:46]} d5
{[%clk 0:53:41]} 20. Bd3 {[%clk 0:40:21]} Rab8 {[%clk 0:53:30]} 21. Bf1
{[%clk 0:38:36]} Bg7 {[%clk 0:39:52]} 22. Nb3 {[%clk 0:33:07]} cxd4
{[%clk 0:23:39]} 23. cxd4 {[%clk 0:33:24]} Qd6 {[%clk 0:24:01]} 24. Qb2
{[%clk 0:32:52]} Rxc1 {[%clk 0:20:43]} 25. Rxc1 {[%clk 0:30:32]} Rc8
{[%clk 0:20:35]} 26. Rxc8+ {[%clk 0:30:32]} Bxc8 {[%clk 0:19:36]} 27. Qc3
{[%clk 0:28:19]} Bd7 {[%clk 0:17:31]} 28. Nc1 {[%clk 0:21:33]} Kf8
{[%clk 0:13:45]} 29. h3 {[%clk 0:18:31]} Qc6 {[%clk 0:13:06]} 30. Qb2
{[%clk 0:16:09]} Qc7 {[%clk 0:10:27]} 31. Ne5 {[%clk 0:13:10]} Be8
{[%clk 0:06:36]} 1/2-1/2

[Event "World Chess Olympiad 2018"]
[Site "Batumi"]
[Date "2018.10.03"]
[Round "9"]
[Board "3"]
[WhiteFideId "6600913"]
[White "Leon Orlando"]
[BlackFideId "6400124"]
[Black "Dominguez Jose Manuel"]
[Result "1-0"]
[LiveChessVersion "1.4.8"]
[BlackElo "2283"]
[WhiteElo "2196"]

1. e4 {[%clk 1:30:57]} e5 {[%clk 1:30:39]} 2. Nf3 {[%clk 1:31:20]} Qe7
{[%clk 1:31:07]} 3. Bc4 {[%clk 1:29:11]} d6 {[%clk 1:31:29]} 4. O-O
{[%clk 1:29:09]} Bg4 {[%clk 1:30:19]} 5. Re1 {[%clk 1:28:39]} Nf6
{[%clk 1:28:49]} 6. c3 {[%clk 1:16:54]} Nbd7 {[%clk 1:03:10]} 7. d4
{[%clk 1:14:07]} Nb6 {[%clk 0:59:10]} 8. Bb3 {[%clk 1:07:23]} Bh5
{[%clk 0:41:10]} 9. Nbd2 {[%clk 1:03:54]} h6 {[%clk 0:30:02]} 10. Nf1
{[%clk 0:56:29]} g6 {[%clk 0:29:00]} 11. Ng3 {[%clk 0:55:45]} Bg7
{[%clk 0:19:40]} 12. dxe5 {[%clk 0:53:38]} dxe5 {[%clk 0:19:50]} 13. Qe2
{[%clk 0:53:02]} O-O {[%clk 0:17:13]} 14. h3 {[%clk 0:51:57]} Kh7
{[%clk 0:17:04]} 15. Be3 {[%clk 0:51:36]} Bxf3 {[%clk 0:12:03]} 16. Qxf3
{[%clk 0:51:54]} Nfd7 {[%clk 0:11:16]} 17. Rad1 {[%clk 0:48:48]} Nc5
{[%clk 0:08:40]} 18. Bc2 {[%clk 0:45:25]} Kh8 {[%clk 0:05:17]} 19. Nf1
{[%clk 0:28:29]} Nc4 {[%clk 0:03:21]} 20. Bc1 {[%clk 0:28:54]} c6
{[%clk 0:02:07]} 21. g3 {[%clk 0:28:30]} Rae8 {[%clk 0:00:42]} 22. h4
{[%clk 0:27:50]} f5 {[%clk 0:00:58]} 23. exf5 {[%clk 0:18:37]} gxf5
{[%clk 0:01:16]} 24. Qh5 {[%clk 0:15:52]} Qe6 {[%clk 0:00:47]} 25. b4
{[%clk 0:10:38]} Ne4 {[%clk 0:00:56]} 26. Bxe4 {[%clk 0:10:34]} fxe4
{[%clk 0:01:25]} 27. Rxe4 {[%clk 0:10:39]} Nd6 {[%clk 0:01:48]} 28. Re2
{[%clk 0:06:06]} Nb5 {[%clk 0:02:14]} 29. Bd2 {[%clk 0:04:54]} e4
{[%clk 0:02:28]} 30. Rc1 {[%clk 0:02:02]} Rf5 {[%clk 0:02:47]} 31. Qg4
{[%clk 0:02:32]} h5 {[%clk 0:03:09]} 32. Qh3 {[%clk 0:03:00]} Qf7
{[%clk 0:03:19]} 33. Ne3 {[%clk 0:02:43]} Rf3 {[%clk 0:03:47]} 34. a4
{[%clk 0:02:54]} Rf8 {[%clk 0:03:09]} 35. axb5 {[%clk 0:02:24]} Rxf2
{[%clk 0:03:20]} 36. Rf1 {[%clk 0:02:52]} Rxe2 {[%clk 0:03:31]} 37. Rxf7
{[%clk 0:02:29]} Rxf7 {[%clk 0:03:59]} 38. Qe6 {[%clk 0:00:42]} Rf8
{[%clk 0:03:03]} 39. Nf1 {[%clk 0:00:44]} e3 {[%clk 0:02:26]} 40. Bxe3
{[%clk 0:30:53]} Re1 {[%clk 0:32:54]} 41. Qg6 {[%clk 0:20:05]} Rexf1+
{[%clk 0:14:23]} 42. Kg2 {[%clk 0:20:33]} R1f5 {[%clk 0:14:20]} 43. bxc6
{[%clk 0:20:33]} bxc6 {[%clk 0:14:26]} 44. Qxc6 {[%clk 0:20:24]} a5
{[%clk 0:03:57]} 45. bxa5 {[%clk 0:12:42]} Rxa5 {[%clk 0:04:20]} 46. Bg5
{[%clk 0:11:07]} Ra2+ {[%clk 0:04:36]} 47. Kh3 {[%clk 0:10:47]} Rc2
{[%clk 0:00:43]} 48. Bh6 {[%clk 0:05:02]} 1-0

[Event "World Chess Olympiad 2018"]
[Site "Batumi"]
[Date "2018.10.03"]
[Round "9"]
[Board "4"]
[WhiteFideId "6405096"]
[White "Guzman Christopher"]
[BlackFideId "6100538"]
[Black "Ramos Efren Andres"]
[Result "0-1"]
[LiveChessVersion "1.4.8"]
[BlackElo "2244"]
[WhiteElo "2283"]

1. e4 {[%clk 1:29:10]} c6 {[%clk 1:30:08]} 2. Nf3 {[%clk 1:21:36]} d5
{[%clk 1:30:07]} 3. Nc3 {[%clk 1:21:59]} dxe4 {[%clk 1:29:42]} 4. Nxe4
{[%clk 1:22:26]} Nf6 {[%clk 1:30:04]} 5. Nxf6+ {[%clk 1:22:44]} exf6
{[%clk 1:30:29]} 6. d4 {[%clk 1:23:02]} Na6 {[%clk 1:28:30]} 7. c3
{[%clk 1:21:08]} Nc7 {[%clk 1:26:20]} 8. Bd3 {[%clk 1:21:02]} Bd6
{[%clk 1:26:31]} 9. O-O {[%clk 1:21:25]} O-O {[%clk 1:26:41]} 10. h3
{[%clk 1:16:56]} Re8 {[%clk 1:25:16]} 11. Qc2 {[%clk 1:14:28]} g6
{[%clk 1:25:15]} 12. Bd2 {[%clk 1:14:17]} Nd5 {[%clk 1:24:01]} 13. Rfe1
{[%clk 1:14:38]} Be6 {[%clk 1:23:35]} 14. a3 {[%clk 1:07:46]} Qd7
{[%clk 1:18:55]} 15. Bf1 {[%clk 1:07:34]} b5 {[%clk 1:18:24]} 16. a4
{[%clk 1:07:56]} a6 {[%clk 1:17:12]} 17. b3 {[%clk 1:07:01]} Bf5 {[%clk 1:16:46]}
18. Qc1 {[%clk 1:06:53]} Rxe1 {[%clk 1:16:00]} 19. Nxe1 {[%clk 1:07:04]} Re8
{[%clk 1:14:25]} 20. Nd3 {[%clk 1:07:08]} h5 {[%clk 0:57:34]} 21. c4
{[%clk 0:59:16]} Nc7 {[%clk 0:48:10]} 22. Nc5 {[%clk 0:56:05]} Bxc5
{[%clk 0:42:18]} 23. dxc5 {[%clk 0:56:21]} Bd3 {[%clk 0:41:29]} 24. cxb5
{[%clk 0:49:17]} Bxf1 {[%clk 0:40:04]} 25. b6 {[%clk 0:42:55]} Bxg2
{[%clk 0:23:24]} 26. Kxg2 {[%clk 0:43:23]} Qd5+ {[%clk 0:23:35]} 27. Kg1
{[%clk 0:43:37]} Ne6 {[%clk 0:23:54]} 28. Be3 {[%clk 0:42:26]} f5
{[%clk 0:23:48]} 29. Qd1 {[%clk 0:29:39]} Qe5 {[%clk 0:23:55]} 30. Rc1
{[%clk 0:27:39]} f4 {[%clk 0:23:41]} 31. Bd2 {[%clk 0:27:38]} Nd4
{[%clk 0:23:03]} 32. Rc4 {[%clk 0:24:11]} Ne2+ {[%clk 0:22:45]} 33. Kh2
{[%clk 0:23:16]} f3+ {[%clk 0:15:24]} 34. Kh1 {[%clk 0:18:44]} Qf5
{[%clk 0:13:37]} 35. Kh2 {[%clk 0:19:08]} Qe5+ {[%clk 0:13:51]} 36. Kh1
{[%clk 0:19:25]} Rd8 {[%clk 0:13:29]} 37. b7 {[%clk 0:18:06]} a5 {[%clk 0:09:08]}
38. Qe1 {[%clk 0:17:23]} Rb8 {[%clk 0:08:28]} 39. b4 {[%clk 0:12:45]} Rxb7
{[%clk 0:07:14]} 40. b5 {[%clk 0:41:19]} Qe6 {[%clk 0:36:50]} 41. Rh4
{[%clk 0:41:39]} cxb5 {[%clk 0:37:03]} 42. Qb1 {[%clk 0:37:00]} Qe7
{[%clk 0:36:46]} 43. Re4 {[%clk 0:37:13]} Qd7 {[%clk 0:36:54]} 44. Kh2
{[%clk 0:36:47]} Qxd2 {[%clk 0:35:52]} 45. axb5 {[%clk 0:36:25]} Qg5
{[%clk 0:36:00]} 46. Qf1 {[%clk 0:35:32]} Rxb5 {[%clk 0:36:11]} 47. h4
{[%clk 0:35:50]} Qxc5 {[%clk 0:36:21]} 0-1

[Event "World Chess Olympiad 2018"]
[Site "Batumi"]
[Date "2018.10.03"]
[Round "9"]
[Board "1"]
[WhiteFideId "13202340"]
[White "Lee Jun Hyeok"]
[BlackFideId "9400346"]
[Black "Al Qudaimi Basheer"]
[Result "0-1"]
[LiveChessVersion "1.4.8"]
[BlackElo "2419"]
[WhiteElo "2263"]

1. d4 {[%clk 1:30:57]} Nf6 {[%clk 1:29:07]} 2. Bf4 {[%clk 1:30:58]} d6
{[%clk 1:26:09]} 3. Nc3 {[%clk 1:27:36]} g6 {[%clk 1:26:32]} 4. e4
{[%clk 1:23:49]} Bg7 {[%clk 1:25:24]} 5. Qe2 {[%clk 1:19:59]} O-O
{[%clk 1:24:30]} 6. O-O-O {[%clk 1:19:58]} c6 {[%clk 1:24:36]} 7. e5
{[%clk 1:18:43]} Nd5 {[%clk 1:21:50]} 8. Nxd5 {[%clk 1:15:44]} cxd5
{[%clk 1:22:11]} 9. Nf3 {[%clk 1:02:57]} Nc6 {[%clk 1:21:22]} 10. Qd2
{[%clk 0:52:10]} Bf5 {[%clk 1:16:58]} 11. Bd3 {[%clk 0:50:00]} Bg4
{[%clk 1:10:40]} 12. exd6 {[%clk 0:43:35]} Nxd4 {[%clk 0:56:54]} 13. Rde1
{[%clk 0:24:42]} Nxf3 {[%clk 0:41:00]} 14. gxf3 {[%clk 0:23:28]} Be6
{[%clk 0:41:17]} 15. dxe7 {[%clk 0:21:57]} Qxe7 {[%clk 0:41:45]} 16. Be5
{[%clk 0:20:24]} Qh4 {[%clk 0:32:35]} 17. Bxg7 {[%clk 0:20:13]} Kxg7
{[%clk 0:33:03]} 18. f4 {[%clk 0:19:54]} Qf6 {[%clk 0:26:46]} 19. Re5
{[%clk 0:19:33]} Rac8 {[%clk 0:25:11]} 20. Qe3 {[%clk 0:18:44]} d4
{[%clk 0:25:25]} 21. Qxd4 {[%clk 0:11:38]} Rfd8 {[%clk 0:25:30]} 22. Qe3
{[%clk 0:11:57]} Bxa2 {[%clk 0:15:28]} 23. Re1 {[%clk 0:05:05]} Bc4
{[%clk 0:13:20]} 24. Bxc4 {[%clk 0:04:49]} Rxc4 {[%clk 0:10:32]} 25. Ra5
{[%clk 0:04:19]} Rxf4 {[%clk 0:08:37]} 26. Rxa7 {[%clk 0:04:12]} Rf3
{[%clk 0:06:26]} 27. Qe7 {[%clk 0:03:28]} Qxe7 {[%clk 0:06:01]} 28. Rxe7
{[%clk 0:03:57]} Rxf2 {[%clk 0:06:30]} 29. b4 {[%clk 0:03:44]} Rc8
{[%clk 0:06:46]} 30. Raxb7 {[%clk 0:03:25]} Rcxc2+ {[%clk 0:06:46]} 31. Kd1
{[%clk 0:02:22]} Rb2 {[%clk 0:06:52]} 32. Ke1 {[%clk 0:00:32]} g5
{[%clk 0:06:35]} 33. h3 {[%clk 0:00:38]} Kg6 {[%clk 0:06:52]} 34. b5
{[%clk 0:00:33]} Rh2 {[%clk 0:07:04]} 35. Rxf7 {[%clk 0:00:32]} Rb1#
{[%clk 0:07:24]} 0-1